00859nam a22001817a 450000500170000000800410001702000180005804000070007604100080008308200180009110000200010924500820012926000310021130000270024236500630026952003130033265000320064520220329121148.0220317b ||||| |||| 00| 0 eng d a9783662610572 cAL aeng 223a537bDAVF aA Lopez Davalos aFundamentals of electromagnetismbVacuum electrodynamics media and relativity aSouth AsiabSpringerc2020 axv,294p.bHBc24x16cm. 2Generala6325b₹1196.00c₹d₹1495.00e20%f9-03-2022 aThis textbook is a revised and enlarged version of notes for a one-semester course on electromagnetism. It covers the theory of electromagnetic phenomena in vacuum and in material media. The book includes a CD-ROM with didactic software, to solve boundary value problems in electrostatics and magnetostatics. 2Electricity and Electronics